Aktivita Světové banky v zemědělství a potravinářství východoevropských zemí.

Štatutárne poslanie Svetovej banky, jej hlavné aktivity. Podpora reformujúcim sa krajinám východnej Európy financovaním investícií, ktoré zlepšujú konkurencieschopnosť na konvertibilných trhoch a platobnú bilanciu. Výberové kritéria pre podporu projektov.

Na minha lista:
Detalhes bibliográficos
Autor principal: Bosák, J.
Formato: Capítulo de Livro
Idioma:tcheco
Assuntos:
Tags: Adicionar Tag
Sem tags, seja o primeiro a adicionar uma tag!

MARC

LEADER 00000naa a2200000 4500
001 r001908
005 20220819174938.8
041 0 |a cze 
044 |a [CS] 
245 1 0 |a Aktivita Světové banky v zemědělství a potravinářství východoevropských zemí.  |c J. Bosák 
520 |a Štatutárne poslanie Svetovej banky, jej hlavné aktivity. Podpora reformujúcim sa krajinám východnej Európy financovaním investícií, ktoré zlepšujú konkurencieschopnosť na konvertibilných trhoch a platobnú bilanciu. Výberové kritéria pre podporu projektov. 
610 2 0 |a IBRD 
610 2 0 |a poľnohospodárstvo 
610 2 0 |a potravinárstvo 
610 2 0 |a financovanie investícií 
610 2 0 |a bilancia platobná 
610 2 0 |a konkurencieschopnosť 
610 2 0 |a východná Európa 
100 1 |a Bosák, J.